Länder, die nach der bevölkerung den Staaten entsprechen #1 - Statistiken

Allgemein
  • Dieses Quiz wurde 30 mal gespielt
  • Das Durchschnittsergebnis liegt bei 17 aus 57
Antwortstatistiken
Staat und Einwohner Land % Korrekt
Shanghai Chi: 24,871 Millionen Australien
74%
Macquarie-Insel: 20 Vatikanstadt
59%
Balls Pyramide: 0 Vatikanstadt
59%
Lord-Howe-Insel: 347 Vatikanstadt
59%
Norfolkinsel: 2.169 Vatikanstadt
59%
Neufundland und Labrador: 521.542 Malediven
41%
Nunavut: 38.780 Monaco
41%
Neu Schottland: 971.395 Dschibuti
37%
Sichuan: 11,241 Millionen Haiti
37%
Jiangsu Sheng: 6,525 Millionen Nicaragua
37%
Zhejiang Sheng: 9,119 Millionen Österreich
37%
Süd Australien: 1,771 Millionen Bahrain
33%
Saskatchewan: 1,174 Millionen Bahrain
33%
Innere Mongolei: 774.000 Bhutan
33%
Heilongjiang Sheng: 5,115 Millionen Costa Rica
33%
Britisch Kolumbien: 5,071 Millionen Costa Rica
33%
Tibet: 3,506 Millionen Eritrea
33%
Xinjiang Uygur Zizhiqu:3,520 Millionen Eritrea
33%
Ningxia Huizu Zizhiqu: 807.000 Guyana
33%
Neu Braunschweig: 776.827 Guyana
33%
Liaoning: 8,294 Millionen Israel
33%
Qinghai Sheng: 854.000 Komoren
33%
Hainan: 830.000 Komoren
33%
West-Australien: 2,667 Millionen Litauen
33%
Fujian: 4,094 Millionen Moldau
33%
Hebei: 3,262 Millionen Mongolei
33%
Gansu Sheng: 4,359 Millionen Panama
33%
Alberta: 4,371 Millionen Panama
33%
AustralischesHauptstadtterritorium: 431.611 Brunei
30%
Shaanxi: 7,135 Millionen Laos
30%
Tianjin Shi: 10,932 Millionen Südsudan
30%
New South Wales: 8,166 Millionen Togo
30%
Tasmanien: 541.071 Kap Verde
26%
Québec: 542.298 Kap Verde
26%
Viktoria: 6,681 Millionen Libyen
26%
Henan Sheng: 6,704 Millionen Libyen
26%
Guangdong: 18,677 Millionen Malawi
26%
Hubei: 8,897 Millionen Papua-Neuguinea
26%
Queensland: 5,185 Millionen Singapur
26%
Guangxi Zhuangzu Zizhiqu: 3,433 Millionen Uruguay
26%
Guizhou Sheng: 4,697 Millionen Zentralafrikanische Republik
26%
Manitoba: 1,369 Millionen Äquatorialguinea
22%
Yunnan: 3,895 Millionen Georgien
22%
Anhui Sheng: 3,854 Millionen Georgien
22%
Jilin Sheng: 3,815 Millionen Georgien
22%
Shanxi Sheng: 3,710 Millionen Georgien
22%
Chongqing Shi: 22,252 Millionen Sri Lanka
22%
Beijing: 21,893 Millionen Sri Lanka
22%
Shandong Sheng: 4,694 Millionen Mauretanien
19%
Hunan: 4,410 Millionen Mauretanien
19%
Ontario: 14,57 Millionen Simbabwe
19%
Jiangxi Sheng: 2,935 Millionen Puerto Rico
11%
Prinz Edward Insel: 156.947 Curaçao
7%
Vatikanstadt: 825 Tokelau
4%
Nördliches Territorium: 243.800 Mayotte
0%
Nordwestliches Territorium: 41.786 Sint Marteen
0%
Yukon: 42.986 Sint Marteen
0%
Keine übereinstimmenden Quizze gefunden
Verteilung der Resultate
Anzahl Personen mit jedem Resultat
Perzentil nach korrekt beantworteten Fragen
Ihre Resultats-Entwicklung
Sie haben dieses Quiz noch nicht gespielt